Daily Capital City Riddle #124 - Statistics

General Stats
  • This quiz has been taken 33 times
  • The average score is 29 of 33
Answer Stats
Type Answer % Correct
Found Letter A
100%
Alphabet Letter B
100%
Alphabet Letter I
100%
Found Letter L
100%
Alphabet Letter M
100%
Alphabet Letter N
100%
Alphabet Letter O
100%
Alphabet Letter R
100%
Alphabet Letter T
100%
Alphabet Letter E
95%
Alphabet Letter G
95%
Alphabet Letter H
95%
Found Letter S
95%
Found Letter U
95%
Correctly Placed Letter A
91%
Correctly Placed Letter A
91%
Alphabet Letter C
91%
Alphabet Letter D
91%
Correctly Placed Letter S
91%
Correctly Placed Letter U
91%
Found Letter K
86%
Alphabet Letter W
86%
Alphabet Letter J
82%
Correctly Placed Letter L
82%
Alphabet Letter V
82%
Alphabet Letter F
77%
Correctly Placed Letter K
77%
Alphabet Letter P
77%
Alphabet Letter X
77%
Alphabet Letter Y
77%
Mystery Capital Lusaka
73%
Alphabet Letter Q
73%
Alphabet Letter Z
73%
No matching quizzes found
Score Distribution
Percent of People with Each Score
Percentile by Number Answered
Your Score History
You have not taken this quiz